000 01257nam a2200265Ia 4500
005 20240530102053.0
008 140319s1965 xx 000 0 ara d
040 _aGCL /
_cGCL
082 0 4 _a811.5 /
_bم ت
100 1 _aابى العلاء المعرى
245 1 0 _aاثار ابى العلاء المعرى :
_bالسفر الاول تعريف القدماء بابى العلاء /
_cتاليف ابى العلاء المعرى ؛ محقق مصطفى السقا ، عبدالرحيم محمود ، عبدالسلام هارون ، ابراهيم الابيارى ، حامد عبدالحميد
260 _aالقاهرة :
_bالدار القومية للطباعة والنشر ،
_c1965
300 _a695 ص،
_c24 سم
650 0 4 _aالادب العربى
650 0 4 _aدواوين وقصائد
650 0 4 _aابوالعلاء المعرى
700 1 _aطه حسين
_eمشرف
700 1 _aعبدالرحيم محمود
_eمحقق
700 1 _aعبدالسلام محمد هارون
_eمحقق
700 1 _aمصطفى السقا
_eمحقق
700 1 _aابراهيم الابيارى
_eمحقق
700 1 _aحامد عبدالمجيد
_eمحقق
942 _2ddc
_cBK
999 _c29590
_d29590